00674nam a2200229 a 4500001001300000003000900013005001700022008004100039020002300080082001400103100002200117245002300139260004300162300000900205500003500214650002600249700002200275902000800297942000700305952011500312999001700427nice12345678IN_TiNIC20260116014028.0070412s2006 lona grp 000 0 eng  a0415254043 c29500a190bSAR1 aSartre, Jean-Paul aWhat Is Literature aLondon bRoutledge Chapman Hall c2006 a251p aincludes index and biblioraphy aPhilosophy-Literature1 aSartre, Jean-Paul bSRS cBK 001040708StackRoom-aHMIbHMId2011-10-19g295.00l0o190 SAR1p021628r2011-10-19v295.00w2007-04-12yBK c13569d13569